[Event "ABC 2024 Utrecht, Groep A"]
[Site "Utrecht"]
[Date "2024.03.09"]
[Round "1.1"]
[White "Kleibeuker, Mika"]
[Black "Smeets, Kobe"]
[Result "0-1"]
[WhiteElo "1926"]
[BlackElo "2244"]

1. e4 {[%clk 00:55:13]} {[%emt 00:00:06]} c5 {[%clk 00:55:15]} {[%emt
00:00:05]} 2. Nf3 {[%clk 00:55:08]} {[%emt 00:00:16]} e6 {[%clk 00:55:19]}
{[%emt 00:00:05]} 3. d4 {[%clk 00:55:14]} {[%emt 00:00:05]} cxd4 {[%clk
00:55:24]} {[%emt 00:00:04]} 4. Nxd4 {[%clk 00:55:20]} {[%emt 00:00:03]} Nc6
{[%clk 00:55:27]} {[%emt 00:00:07]} 5. c4 {[%clk 00:55:17]} {[%emt 00:00:14]}
Nf6 {[%clk 00:55:30]} {[%emt 00:00:07]} 6. Nc3 {[%clk 00:55:23]} {[%emt
00:00:05]} Bb4 {[%clk 00:55:30]} {[%emt 00:00:09]} 7. Nxc6 {[%clk 00:50:32]}
{[%emt 00:05:01]} bxc6 {[%clk 00:55:34]} {[%emt 00:00:07]} 8. e5 {[%clk
00:50:10]} {[%emt 00:00:32]} Ne4 {[%clk 00:53:47]} {[%emt 00:01:56]} 9. Bd2
{[%clk 00:50:15]} {[%emt 00:00:06]} Nxd2 {[%clk 00:52:45]} {[%emt 00:01:12]} 10.
Qxd2 {[%clk 00:50:16]} {[%emt 00:00:09]} Qa5 {[%clk 00:52:00]} {[%emt
00:00:54]} 11. f4 {[%clk 00:42:01]} {[%emt 00:08:26]} O-O {[%clk 00:50:20]}
{[%emt 00:01:50]} 12. Bd3 {[%clk 00:42:07]} {[%emt 00:00:03]} f6 {[%clk
00:48:09]} {[%emt 00:02:20]} 13. exf6 {[%clk 00:33:33]} {[%emt 00:08:45]} Rxf6
{[%clk 00:47:59]} {[%emt 00:00:20]} 14. O-O {[%clk 00:33:27]} {[%emt 00:00:16]}
Ba6 {[%clk 00:38:15]} {[%emt 00:09:55]} 15. a3 {[%clk 00:22:56]} {[%emt
00:10:41]} Bxc3 {[%clk 00:38:05]} {[%emt 00:00:19]} 16. Qxc3 {[%clk 00:23:04]}
{[%emt 00:00:02]} Qxc3 {[%clk 00:37:51]} {[%emt 00:00:24]} 17. bxc3 {[%clk
00:23:12]} {[%emt 00:00:02]} Rb8 {[%clk 00:37:38]} {[%emt 00:00:23]} 18. Rab1
{[%clk 00:18:51]} {[%emt 00:04:32]} Rxb1 {[%clk 00:31:42]} {[%emt 00:06:05]} 19.
Rxb1 {[%clk 00:18:57]} {[%emt 00:00:04]} Rxf4 {[%clk 00:31:26]} {[%emt
00:00:26]} 20. Rb8+ {[%clk 00:19:02]} {[%emt 00:00:05]} Kf7 {[%clk 00:30:41]}
{[%emt 00:00:55]} 21. Ra8 {[%clk 00:19:08]} {[%emt 00:00:04]} Bxc4 {[%clk
00:28:27]} {[%emt 00:02:24]} 22. Rxa7 {[%clk 00:19:13]} {[%emt 00:00:05]} Ke7
{[%clk 00:18:02]} {[%emt 00:10:35]} 23. g3 {[%clk 00:14:45]} {[%emt 00:04:38]}
Rg4 {[%clk 00:18:02]} {[%emt 00:00:10]} 24. Bxh7 {[%clk 00:14:24]} {[%emt
00:00:31]} Bb5 {[%clk 00:16:23]} {[%emt 00:01:49]} 25. Ra8 {[%clk 00:09:02]}
{[%emt 00:05:33]} Rc4 {[%clk 00:13:57]} {[%emt 00:02:35]} 26. Rg8 {[%clk
00:09:07]} {[%emt 00:00:05]} Kf7 {[%clk 00:13:51]} {[%emt 00:00:16]} 27. Rd8
{[%clk 00:09:08]} {[%emt 00:00:09]} d5 {[%clk 00:12:57]} {[%emt 00:01:03]} 28.
Rd7+ {[%clk 00:07:24]} {[%emt 00:01:55]} Kf6 {[%clk 00:12:46]} {[%emt
00:00:21]} 29. Bg8 {[%clk 00:06:25]} {[%emt 00:01:09]} Rxc3 {[%clk 00:11:19]}
{[%emt 00:01:37]} 30. Rf7+ {[%clk 00:06:31]} {[%emt 00:00:04]} Kg6 {[%clk
00:11:18]} {[%emt 00:00:10]} 31. Re7 {[%clk 00:06:33]} {[%emt 00:00:09]} Rxa3
{[%clk 00:10:38]} {[%emt 00:00:50]} 32. Rxe6+ {[%clk 00:06:35]} {[%emt
00:00:09]} Kf5 {[%clk 00:09:58]} {[%emt 00:00:49]} 33. g4+ {[%clk 00:05:49]}
{[%emt 00:00:56]} Kf4 {[%clk 00:08:34]} {[%emt 00:01:33]} 34. Kf2 {[%clk
00:03:58]} {[%emt 00:02:02]} Ra2+ {[%clk 00:08:23]} {[%emt 00:00:22]} 35. Ke1
{[%clk 00:04:04]} {[%emt 00:00:04]} Rxh2 {[%clk 00:06:19]} {[%emt 00:02:13]} 36.
Rg6 {[%clk 00:04:10]} {[%emt 00:00:04]} Rg2 {[%clk 00:05:21]} {[%emt 00:01:08]}
37. Rxg7 {[%clk 00:03:04]} {[%emt 00:01:17]} Rxg4 {[%clk 00:05:18]} {[%emt
00:00:12]} 38. Rf7+ {[%clk 00:03:11]} {[%emt 00:00:04]} Ke3 {[%clk 00:04:50]}
{[%emt 00:00:37]} 39. Re7+ {[%clk 00:03:15]} {[%emt 00:00:06]} Re4 {[%clk
00:04:20]} {[%emt 00:00:40]} 40. Rh7 {[%clk 00:03:03]} {[%emt 00:00:22]} Rf4
{[%clk 00:03:10]} {[%emt 00:01:21]} 41. Rh3+ {[%clk 00:02:36]} {[%emt
00:00:37]} Rf3 {[%clk 00:03:12]} {[%emt 00:00:08]} 42. Rh1 {[%clk 00:02:44]} d4
{[%clk 00:02:56]} {[%emt 00:00:26]} 43. Bb3 {[%clk 00:02:42]} {[%emt 00:00:12]}
d3 {[%clk 00:02:00]} {[%emt 00:01:06]} 44. Kd1 {[%clk 00:02:45]} {[%emt
00:00:07]} c5 {[%clk 00:01:43]} {[%emt 00:00:28]} 45. Re1+ {[%clk 00:01:48]}
{[%emt 00:01:06]} Kd4 {[%clk 00:01:49]} {[%emt 00:00:03]} 0-1

[Event "ABC 2024 Utrecht, Groep A"]
[Site "Utrecht"]
[Date "2024.03.09"]
[Round "1.2"]
[White "Zhu, Chenwu"]
[Black "Blom, Rens"]
[Result "1-0"]
[WhiteElo "2042"]
[BlackElo "1921"]

1. e4 {[%clk 00:55:17]} {[%emt 00:00:02]} d6 {[%clk 00:55:15]} {[%emt
00:00:06]} 2. d4 {[%clk 00:55:15]} {[%emt 00:00:12]} Nf6 {[%clk 00:55:21]}
{[%emt 00:00:04]} 3. Nc3 {[%clk 00:55:16]} {[%emt 00:00:08]} g6 {[%clk
00:55:26]} {[%emt 00:00:05]} 4. Nf3 {[%clk 00:54:26]} {[%emt 00:01:01]} Bg7
{[%clk 00:55:31]} {[%emt 00:00:05]} 5. Be3 {[%clk 00:53:40]} {[%emt 00:00:56]}
O-O {[%clk 00:55:16]} {[%emt 00:00:25]} 6. h3 {[%clk 00:52:19]} {[%emt
00:01:31]} c6 {[%clk 00:54:36]} {[%emt 00:00:50]} 7. a4 {[%clk 00:51:24]}
{[%emt 00:01:05]} Nbd7 {[%clk 00:53:07]} {[%emt 00:01:39]} 8. Qd2 {[%clk
00:49:36]} {[%emt 00:01:57]} Qc7 {[%clk 00:51:00]} {[%emt 00:02:18]} 9. Bh6
{[%clk 00:47:40]} {[%emt 00:02:05]} e5 {[%clk 00:48:42]} {[%emt 00:02:29]} 10.
Bxg7 {[%clk 00:45:35]} {[%emt 00:02:15]} Kxg7 {[%clk 00:48:46]} {[%emt
00:00:07]} 11. dxe5 {[%clk 00:39:36]} {[%emt 00:06:08]} dxe5 {[%clk 00:48:47]}
{[%emt 00:00:09]} 12. Bc4 {[%clk 00:37:17]} {[%emt 00:02:29]} Nc5 {[%clk
00:43:54]} {[%emt 00:05:03]} 13. Qe3 {[%clk 00:36:01]} {[%emt 00:01:26]} Ne6
{[%clk 00:39:48]} {[%emt 00:04:16]} 14. Rd1 {[%clk 00:29:21]} {[%emt 00:06:50]}
Nf4 {[%clk 00:36:35]} {[%emt 00:03:23]} 15. O-O {[%clk 00:27:00]} {[%emt
00:02:30]} Be6 {[%clk 00:24:55]} {[%emt 00:11:52]} 16. Bxe6 {[%clk 00:25:37]}
{[%emt 00:01:32]} Nxe6 {[%clk 00:24:59]} {[%emt 00:00:07]} 17. Ne2 {[%clk
00:24:17]} {[%emt 00:01:29]} Rfd8 {[%clk 00:21:02]} {[%emt 00:04:08]} 18. Ng3
{[%clk 00:20:31]} {[%emt 00:03:55]} Rxd1 {[%clk 00:12:09]} {[%emt 00:09:02]} 19.
Rxd1 {[%clk 00:20:39]} {[%emt 00:00:03]} Nf4 {[%clk 00:12:12]} {[%emt
00:00:07]} 20. Qc5 {[%clk 00:17:25]} {[%emt 00:03:24]} Rd8 {[%clk 00:09:06]}
{[%emt 00:03:17]} 21. Rxd8 {[%clk 00:16:37]} Qxd8 {[%clk 00:09:15]} 22. Qxe5
{[%clk 00:15:00]} {[%emt 00:01:48]} Qd1+ {[%clk 00:09:03]} {[%emt 00:00:23]} 23.
Kh2 {[%clk 00:14:49]} {[%emt 00:00:19]} Ne2 {[%clk 00:07:46]} {[%emt 00:01:27]}
24. Nh5+ {[%clk 00:13:23]} {[%emt 00:01:36]} gxh5 {[%clk 00:07:01]} {[%emt
00:00:56]} 25. Qg5+ {[%clk 00:13:30]} {[%emt 00:00:03]} Kf8 {[%clk 00:07:02]}
{[%emt 00:00:10]} 26. Qxf6 {[%clk 00:12:53]} {[%emt 00:00:46]} Qf1 {[%clk
00:03:05]} {[%emt 00:04:07]} 27. Qd8+ {[%clk 00:10:15]} {[%emt 00:02:48]} Kg7
{[%clk 00:03:14]} {[%emt 00:00:01]} 28. Qg5+ {[%clk 00:10:17]} {[%emt
00:00:07]} Kf8 {[%clk 00:02:47]} {[%emt 00:00:38]} 29. Qc5+ {[%clk 00:09:43]}
{[%emt 00:00:44]} Kg7 {[%clk 00:02:31]} {[%emt 00:00:26]} 30. Qe3 {[%clk
00:06:26]} {[%emt 00:03:27]} a6 {[%clk 00:02:22]} {[%emt 00:00:20]} 31. e5
{[%clk 00:05:58]} {[%emt 00:00:38]} h6 {[%clk 00:02:02]} {[%emt 00:00:29]} 32.
e6 {[%clk 00:04:47]} {[%emt 00:01:21]} fxe6 {[%clk 00:02:09]} {[%emt 00:00:03]}
33. Qe5+ {[%clk 00:04:46]} {[%emt 00:00:11]} Kf7 {[%clk 00:01:36]} {[%emt
00:00:44]} 34. Qxh5+ {[%clk 00:03:54]} {[%emt 00:01:01]} Ke7 {[%clk 00:01:45]}
{[%emt 00:00:02]} 35. Qc5+ {[%clk 00:03:51]} {[%emt 00:00:12]} Kd8 {[%clk
00:01:41]} {[%emt 00:00:14]} 36. Qd6+ {[%clk 00:03:50]} {[%emt 00:00:11]} Kc8
{[%clk 00:01:48]} {[%emt 00:00:03]} 37. Qxe6+ {[%clk 00:03:55]} {[%emt
00:00:06]} Kb8 {[%clk 00:01:57]} 38. Qe8+ {[%clk 00:03:54]} {[%emt 00:00:11]}
Ka7 {[%clk 00:01:57]} {[%emt 00:00:10]} 39. Qe3+ {[%clk 00:04:02]} {[%emt
00:00:01]} Ka8 {[%clk 00:02:05]} {[%emt 00:00:02]} 40. a5 {[%clk 00:03:33]}
{[%emt 00:00:39]} Kb8 {[%clk 00:02:08]} {[%emt 00:00:08]} 41. h4 {[%clk
00:03:06]} {[%emt 00:00:36]} h5 {[%clk 00:02:14]} {[%emt 00:00:04]} 42. Qe5+
{[%clk 00:02:16]} {[%emt 00:01:00]} Ka8 {[%clk 00:02:14]} {[%emt 00:00:10]} 43.
Qxh5 {[%clk 00:01:28]} {[%emt 00:00:58]} Qxf2 {[%clk 00:02:22]} {[%emt
00:00:02]} 44. Qe5 {[%clk 00:01:29]} {[%emt 00:00:07]} c5 {[%clk 00:00:39]}
{[%emt 00:01:55]} 45. h5 {[%clk 00:01:17]} {[%emt 00:00:22]} Nd4 {[%clk
00:00:28]} {[%emt 00:00:22]} 46. Nxd4 {[%clk 00:00:59]} {[%emt 00:00:28]} Qh4+
{[%clk 00:00:33]} {[%emt 00:00:04]} 47. Kg1 {[%clk 00:01:07]} {[%emt 00:00:01]}
cxd4 {[%clk 00:00:42]} {[%emt 00:00:02]} 48. Qe2 {[%clk 00:00:53]} {[%emt
00:00:24]} Qg5 {[%clk 00:00:38]} {[%emt 00:00:14]} 49. Qe4 {[%clk 00:00:27]}
{[%emt 00:00:36]} Qxh5 {[%clk 00:00:34]} {[%emt 00:00:14]} 50. Qxd4 {[%clk
00:00:34]} {[%emt 00:00:02]} Qxa5 {[%clk 00:00:30]} {[%emt 00:00:16]} 51. c4
{[%clk 00:00:39]} {[%emt 00:00:05]} Qe1+ {[%clk 00:00:36]} {[%emt 00:00:04]} 52.
Kh2 {[%clk 00:00:47]} {[%emt 00:00:01]} Qh4+ {[%clk 00:00:43]} {[%emt
00:00:03]} 53. Qxh4 {[%clk 00:00:55]} {[%emt 00:00:02]} 1-0

[Event "ABC 2024 Utrecht, Groep A"]
[Site "Utrecht"]
[Date "2024.03.09"]
[Round "1.3"]
[White "Aarts, Joaquin"]
[Black "Madularea, David"]
[Result "1-0"]
[WhiteElo "1892"]
[BlackElo "2035"]

1. d4 {[%clk 00:55:17]} {[%emt 00:00:03]} Nf6 {[%clk 00:55:06]} {[%emt
00:00:14]} 2. c4 {[%clk 00:55:19]} {[%emt 00:00:09]} g6 {[%clk 00:55:07]}
{[%emt 00:00:09]} 3. f3 {[%clk 00:55:23]} {[%emt 00:00:06]} Bg7 {[%clk
00:55:03]} {[%emt 00:00:13]} 4. e4 {[%clk 00:55:27]} {[%emt 00:00:07]} d6
{[%clk 00:55:08]} {[%emt 00:00:04]} 5. Nc3 {[%clk 00:55:32]} {[%emt 00:00:05]}
O-O {[%clk 00:55:12]} {[%emt 00:00:06]} 6. Nge2 {[%clk 00:55:37]} {[%emt
00:00:06]} c5 {[%clk 00:53:19]} {[%emt 00:02:02]} 7. d5 {[%clk 00:55:41]}
{[%emt 00:00:07]} e6 {[%clk 00:53:20]} {[%emt 00:00:09]} 8. Ng3 {[%clk
00:55:46]} {[%emt 00:00:04]} exd5 {[%clk 00:48:20]} {[%emt 00:05:10]} 9. cxd5
{[%clk 00:55:47]} {[%emt 00:00:09]} Re8 {[%clk 00:47:48]} {[%emt 00:00:42]} 10.
Be2 {[%clk 00:55:46]} {[%emt 00:00:12]} h5 {[%clk 00:41:09]} {[%emt 00:06:48]}
11. Nf1 {[%clk 00:48:15]} {[%emt 00:07:42]} Nbd7 {[%clk 00:33:17]} {[%emt
00:08:02]} 12. Ne3 {[%clk 00:47:55]} {[%emt 00:00:29]} Nf8 {[%clk 00:29:28]}
{[%emt 00:04:00]} 13. Nc4 {[%clk 00:46:15]} {[%emt 00:01:49]} Qe7 {[%clk
00:24:12]} {[%emt 00:05:26]} 14. Bf4 {[%clk 00:37:56]} {[%emt 00:08:29]} Rd8
{[%clk 00:23:05]} {[%emt 00:01:18]} 15. Nb5 {[%clk 00:27:52]} {[%emt 00:10:14]}
Ne8 {[%clk 00:23:06]} {[%emt 00:00:08]} 16. a4 {[%clk 00:26:11]} {[%emt
00:01:51]} g5 {[%clk 00:17:45]} {[%emt 00:05:31]} 17. Be3 {[%clk 00:23:31]}
{[%emt 00:02:50]} Ng6 {[%clk 00:16:36]} {[%emt 00:01:20]} 18. Qd2 {[%clk
00:22:30]} {[%emt 00:01:11]} g4 {[%clk 00:15:25]} {[%emt 00:01:20]} 19. O-O-O
{[%clk 00:19:05]} {[%emt 00:03:35]} a6 {[%clk 00:11:47]} {[%emt 00:03:49]} 20.
Nb6 {[%clk 00:16:21]} {[%emt 00:02:54]} Rb8 {[%clk 00:11:21]} {[%emt 00:00:35]}
21. Na3 {[%clk 00:15:53]} {[%emt 00:00:38]} Ne5 {[%clk 00:07:36]} {[%emt
00:03:56]} 22. a5 {[%clk 00:08:28]} {[%emt 00:07:35]} f5 {[%clk 00:04:03]}
{[%emt 00:03:43]} 23. Qc2 {[%clk 00:04:57]} {[%emt 00:03:41]} fxe4 {[%clk
00:03:40]} {[%emt 00:00:32]} 24. f4 {[%clk 00:04:15]} {[%emt 00:00:52]} Nf3
{[%clk 00:02:59]} {[%emt 00:00:52]} 25. Bxf3 {[%clk 00:00:55]} {[%emt
00:03:30]} exf3 {[%clk 00:03:07]} {[%emt 00:00:02]} 26. Rde1 {[%clk 00:00:57]}
{[%emt 00:00:08]} Qf6 {[%clk 00:03:01]} {[%emt 00:00:16]} 27. gxf3 {[%clk
00:01:02]} {[%emt 00:00:05]} Bf5 {[%clk 00:02:58]} {[%emt 00:00:13]} 28. Qb3
{[%clk 00:00:53]} {[%emt 00:00:19]} gxf3 {[%clk 00:03:00]} {[%emt 00:00:08]} 29.
Nac4 {[%clk 00:00:43]} {[%emt 00:00:20]} Qf7 {[%clk 00:02:36]} {[%emt
00:00:34]} 30. Rhg1 {[%clk 00:00:45]} {[%emt 00:00:08]} Nf6 {[%clk 00:02:42]}
{[%emt 00:00:04]} 31. Ref1 {[%clk 00:00:44]} {[%emt 00:00:11]} Nxd5 {[%clk
00:02:34]} {[%emt 00:00:18]} 32. Nxd5 {[%clk 00:00:41]} {[%emt 00:00:13]} Qxd5
{[%clk 00:02:43]} {[%emt 00:00:02]} 33. Bd2 {[%clk 00:00:38]} {[%emt 00:00:13]}
Qd3 {[%clk 00:02:28]} {[%emt 00:00:25]} 34. Qxd3 {[%clk 00:00:28]} {[%emt
00:00:19]} Bxd3 {[%clk 00:02:36]} {[%emt 00:00:01]} 35. Rxf3 {[%clk 00:00:32]}
{[%emt 00:00:07]} Bxc4 {[%clk 00:02:43]} {[%emt 00:00:03]} 36. Bc3 {[%clk
00:00:37]} {[%emt 00:00:05]} Be2 {[%clk 00:01:05]} {[%emt 00:01:48]} 37. Rxg7+
{[%clk 00:00:38]} {[%emt 00:00:09]} Kf8 {[%clk 00:01:14]} {[%emt 00:00:01]} 38.
Rfg3 {[%clk 00:00:42]} {[%emt 00:00:06]} Bg4 {[%clk 00:01:16]} {[%emt
00:00:07]} 39. h3 {[%clk 00:00:48]} {[%emt 00:00:05]} Be6 {[%clk 00:01:25]} 40.
Rh7 {[%clk 00:00:49]} {[%emt 00:00:09]} Bg8 {[%clk 00:00:27]} {[%emt 00:01:08]}
41. Rh8 {[%clk 00:00:21]} {[%emt 00:00:38]} Ke7 {[%clk 00:00:30]} {[%emt
00:00:06]} 42. Rg7+ {[%clk 00:00:24]} {[%emt 00:00:07]} Ke6 {[%clk 00:00:40]}
{[%emt 00:00:02]} 43. Rh6+ {[%clk 00:00:33]} Kd5 {[%clk 00:00:28]} {[%emt
00:00:22]} 44. Rxh5+ {[%clk 00:00:40]} {[%emt 00:00:02]} Kc4 {[%clk 00:00:37]}
{[%emt 00:00:01]} 45. Kc2 {[%clk 00:00:37]} {[%emt 00:00:13]} d5 {[%clk
00:00:38]} {[%emt 00:00:09]} 46. b3+ {[%clk 00:00:46]} Kb5 {[%clk 00:00:47]}
{[%emt 00:00:01]} 47. Rh6 {[%clk 00:00:34]} {[%emt 00:00:22]} b6 {[%clk
00:00:36]} {[%emt 00:00:21]} 48. Rgg6 {[%clk 00:00:26]} {[%emt 00:00:18]} bxa5
{[%clk 00:00:39]} {[%emt 00:00:06]} 49. Rxa6 {[%clk 00:00:30]} {[%emt
00:00:08]} Bh7+ {[%clk 00:00:37]} {[%emt 00:00:12]} 50. Kb2 {[%clk 00:00:38]}
1-0

[Event "ABC 2024 Utrecht, Groep A"]
[Site "Utrecht"]
[Date "2024.03.09"]
[Round "1.4"]
[White "Van Hesselingen, Guido"]
[Black "Imanol, Leorato"]
[Result "1-0"]
[WhiteElo "2023"]
[BlackElo "1892"]

1. e4 {[%clk 00:55:14]} {[%emt 00:00:06]} c5 {[%clk 00:55:01]} {[%emt
00:00:20]} 2. Nf3 {[%clk 00:55:18]} {[%emt 00:00:06]} Nc6 {[%clk 00:55:02]}
{[%emt 00:00:08]} 3. d4 {[%clk 00:55:17]} {[%emt 00:00:11]} cxd4 {[%clk
00:55:03]} {[%emt 00:00:10]} 4. Nxd4 {[%clk 00:55:21]} {[%emt 00:00:07]} e5
{[%clk 00:55:03]} {[%emt 00:00:08]} 5. Nb5 {[%clk 00:54:47]} {[%emt 00:00:44]}
d6 {[%clk 00:55:05]} {[%emt 00:00:09]} 6. N1c3 {[%clk 00:54:31]} {[%emt
00:00:27]} a6 {[%clk 00:55:05]} {[%emt 00:00:09]} 7. Na3 {[%clk 00:54:32]}
{[%emt 00:00:08]} Be7 {[%clk 00:55:01]} {[%emt 00:00:14]} 8. g3 {[%clk
00:52:39]} {[%emt 00:02:04]} Nf6 {[%clk 00:54:39]} {[%emt 00:00:31]} 9. Bg2
{[%clk 00:51:34]} {[%emt 00:01:15]} Bg4 {[%clk 00:52:57]} {[%emt 00:01:52]} 10.
Qd3 {[%clk 00:49:28]} {[%emt 00:02:16]} O-O {[%clk 00:50:51]} {[%emt 00:02:15]}
11. Bg5 {[%clk 00:47:58]} {[%emt 00:01:41]} Nd4 {[%clk 00:35:48]} {[%emt
00:15:14]} 12. h3 {[%clk 00:38:32]} {[%emt 00:09:36]} Be6 {[%clk 00:33:01]}
{[%emt 00:02:57]} 13. Bxf6 {[%clk 00:31:55]} {[%emt 00:06:47]} Bxf6 {[%clk
00:31:59]} {[%emt 00:01:11]} 14. Nd5 {[%clk 00:31:40]} {[%emt 00:00:25]} Bg5
{[%clk 00:21:59]} {[%emt 00:10:11]} 15. c3 {[%clk 00:26:30]} {[%emt 00:05:19]}
Nc6 {[%clk 00:21:46]} {[%emt 00:00:23]} 16. O-O {[%clk 00:22:52]} {[%emt
00:03:48]} f5 {[%clk 00:19:24]} {[%emt 00:02:32]} 17. exf5 {[%clk 00:19:56]}
{[%emt 00:03:07]} Bxf5 {[%clk 00:18:47]} {[%emt 00:00:47]} 18. Qe2 {[%clk
00:19:30]} {[%emt 00:00:36]} Kh8 {[%clk 00:13:57]} {[%emt 00:04:59]} 19. Nc4
{[%clk 00:18:40]} {[%emt 00:01:01]} b5 {[%clk 00:13:09]} {[%emt 00:00:58]} 20.
Nd2 {[%clk 00:16:36]} {[%emt 00:02:13]} Rc8 {[%clk 00:12:24]} {[%emt 00:00:56]}
21. Ne4 {[%clk 00:15:56]} {[%emt 00:00:50]} b4 {[%clk 00:07:10]} {[%emt
00:05:25]} 22. Nxb4 {[%clk 00:11:09]} {[%emt 00:04:56]} Nxb4 {[%clk 00:05:14]}
{[%emt 00:02:06]} 23. cxb4 {[%clk 00:11:11]} {[%emt 00:00:08]} Bxe4 {[%clk
00:05:14]} {[%emt 00:00:10]} 24. Bxe4 {[%clk 00:09:24]} {[%emt 00:01:57]} Qb6
{[%clk 00:04:58]} {[%emt 00:00:26]} 25. a3 {[%clk 00:08:36]} {[%emt 00:00:57]}
Rc7 {[%clk 00:04:06]} {[%emt 00:01:02]} 26. Kg2 {[%clk 00:05:43]} {[%emt
00:03:03]} g6 {[%clk 00:03:32]} {[%emt 00:00:44]} 27. h4 {[%clk 00:05:26]}
{[%emt 00:00:28]} Bh6 {[%clk 00:03:37]} {[%emt 00:00:06]} 28. h5 {[%clk
00:05:00]} {[%emt 00:00:35]} Kg7 {[%clk 00:03:29]} {[%emt 00:00:18]} 29. Rad1
{[%clk 00:04:03]} {[%emt 00:01:06]} Rcf7 {[%clk 00:03:07]} {[%emt 00:00:32]} 30.
f3 {[%clk 00:03:59]} {[%emt 00:00:14]} Be3 {[%clk 00:02:32]} {[%emt 00:00:46]}
31. Rh1 {[%clk 00:03:39]} {[%emt 00:00:30]} g5 {[%clk 00:02:15]} {[%emt
00:00:27]} 32. h6+ {[%clk 00:02:51]} {[%emt 00:00:57]} Kh8 {[%clk 00:02:17]}
{[%emt 00:00:09]} 33. g4 {[%clk 00:02:29]} {[%emt 00:00:33]} Bd4 {[%clk
00:02:02]} {[%emt 00:00:25]} 34. Qd2 {[%clk 00:02:21]} {[%emt 00:00:18]} Qd8
{[%clk 00:01:43]} {[%emt 00:00:28]} 35. Bf5 {[%clk 00:02:12]} {[%emt 00:00:19]}
Rxf5 {[%clk 00:01:18]} {[%emt 00:00:35]} 36. gxf5 {[%clk 00:02:19]} {[%emt
00:00:05]} Rxf5 {[%clk 00:01:26]} 37. Qc2 {[%clk 00:01:49]} {[%emt 00:00:40]}
Qf8 {[%clk 00:01:28]} {[%emt 00:00:08]} 38. Qc7 {[%clk 00:01:03]} {[%emt
00:00:55]} Rxf3 {[%clk 00:01:15]} {[%emt 00:00:23]} 39. Qg7+ {[%clk 00:01:11]}
{[%emt 00:00:03]} Qxg7 {[%clk 00:01:22]} {[%emt 00:00:04]} 40. hxg7+ {[%clk
00:01:19]} {[%emt 00:00:01]} Kxg7 {[%clk 00:01:31]} 41. Kxf3 {[%clk 00:01:27]}
{[%emt 00:00:02]} Kg6 {[%clk 00:01:36]} {[%emt 00:00:04]} 42. Kg4 {[%clk
00:01:24]} {[%emt 00:00:14]} h6 {[%clk 00:01:37]} {[%emt 00:00:09]} 43. Rh2
{[%clk 00:01:15]} {[%emt 00:00:19]} d5 {[%clk 00:01:35]} {[%emt 00:00:12]} 44.
Rdh1 {[%clk 00:01:17]} {[%emt 00:00:07]} e4 {[%clk 00:01:41]} {[%emt 00:00:04]}
45. Rxh6+ {[%clk 00:01:24]} {[%emt 00:00:03]} Kf7 {[%clk 00:01:51]} 46. Rxa6
{[%clk 00:01:22]} {[%emt 00:00:12]} Ke8 {[%clk 00:00:00]} {[%emt 00:00:05]} 1-0

[Event "ABC 2024 Utrecht, Groep A"]
[Site "Utrecht"]
[Date "2024.03.09"]
[Round "1.5"]
[White "Veerman, Rien"]
[Black "Khatniuk, Anastasiia"]
[Result "0-1"]
[WhiteElo "1870"]
[BlackElo "1980"]

1. e4 {[%clk 00:55:10]} {[%emt 00:54:09]} c5 {[%clk 00:55:17]} {[%emt
00:00:07]} 2. Nc3 {[%clk 00:55:25]} {[%emt 00:00:05]} e6 {[%clk 00:55:16]}
{[%emt 00:00:12]} 3. f4 {[%clk 00:55:26]} {[%emt 00:00:08]} Nc6 {[%clk
00:55:10]} {[%emt 00:00:16]} 4. Nf3 {[%clk 00:55:29]} {[%emt 00:00:07]} d5
{[%clk 00:54:54]} {[%emt 00:00:26]} 5. e5 {[%clk 00:54:37]} {[%emt 00:01:01]}
Nge7 {[%clk 00:54:30]} {[%emt 00:00:34]} 6. d3 {[%clk 00:53:22]} {[%emt
00:01:26]} h5 {[%clk 00:54:02]} {[%emt 00:00:37]} 7. g3 {[%clk 00:51:39]}
{[%emt 00:01:53]} Nf5 {[%clk 00:53:53]} {[%emt 00:00:20]} 8. a4 {[%clk
00:50:23]} {[%emt 00:01:27]} b6 {[%clk 00:53:22]} {[%emt 00:00:40]} 9. Ne2
{[%clk 00:48:30]} {[%emt 00:02:02]} Ba6 {[%clk 00:39:33]} {[%emt 00:13:59]} 10.
h3 {[%clk 00:42:26]} {[%emt 00:06:14]} d4 {[%clk 00:38:02]} {[%emt 00:01:41]}
11. Bg2 {[%clk 00:40:21]} {[%emt 00:02:15]} Rc8 {[%clk 00:34:49]} {[%emt
00:03:24]} 12. Ng5 {[%clk 00:24:18]} {[%emt 00:16:12]} Nb4 {[%clk 00:32:20]}
{[%emt 00:02:39]} 13. Be4 {[%clk 00:23:31]} {[%emt 00:00:57]} Nd5 {[%clk
00:28:39]} {[%emt 00:03:50]} 14. c3 {[%clk 00:22:36]} {[%emt 00:01:05]} dxc3
{[%clk 00:26:52]} {[%emt 00:01:58]} 15. bxc3 {[%clk 00:22:22]} {[%emt
00:00:23]} Be7 {[%clk 00:25:56]} {[%emt 00:01:07]} 16. Nf3 {[%clk 00:19:16]}
{[%emt 00:03:16]} Nxc3 {[%clk 00:22:49]} {[%emt 00:03:16]} 17. Nxc3 {[%clk
00:17:08]} {[%emt 00:02:18]} Nxg3 {[%clk 00:22:20]} {[%emt 00:00:39]} 18. Rg1
{[%clk 00:12:54]} {[%emt 00:04:24]} Bh4 {[%clk 00:21:51]} {[%emt 00:00:39]} 19.
Rxg3 {[%clk 00:12:53]} {[%emt 00:00:11]} Bxg3+ {[%clk 00:21:38]} {[%emt
00:00:23]} 20. Kf1 {[%clk 00:12:22]} {[%emt 00:00:41]} f5 {[%clk 00:20:29]}
{[%emt 00:01:19]} 21. exf6 {[%clk 00:11:30]} {[%emt 00:01:02]} Qxf6 {[%clk
00:20:26]} {[%emt 00:00:12]} 22. Bb2 {[%clk 00:09:51]} {[%emt 00:01:50]} O-O
{[%clk 00:17:23]} {[%emt 00:03:12]} 23. Rb1 {[%clk 00:08:13]} {[%emt 00:01:49]}
Qxf4 {[%clk 00:16:51]} {[%emt 00:00:41]} 24. Ne2 {[%clk 00:07:44]} {[%emt
00:00:39]} Qd6 {[%clk 00:16:39]} {[%emt 00:00:23]} 25. Qd2 {[%clk 00:06:17]}
{[%emt 00:01:37]} Bf4 {[%clk 00:13:48]} {[%emt 00:03:00]} 26. Nxf4 {[%clk
00:05:49]} {[%emt 00:00:38]} Qxf4 {[%clk 00:07:57]} {[%emt 00:06:01]} 27. Qg2
{[%clk 00:05:03]} {[%emt 00:00:56]} Rf7 {[%clk 00:07:36]} {[%emt 00:00:31]} 28.
Kf2 {[%clk 00:03:02]} {[%emt 00:02:11]} Qd2+ {[%clk 00:05:12]} {[%emt
00:02:34]} 29. Kg1 {[%clk 00:03:10]} {[%emt 00:00:02]} Qe3+ {[%clk 00:05:16]}
{[%emt 00:00:07]} 30. Kh1 {[%clk 00:02:56]} {[%emt 00:00:24]} Bxd3 {[%clk
00:05:10]} {[%emt 00:00:15]} 31. Re1 {[%clk 00:02:00]} {[%emt 00:01:06]} Qxe4
{[%clk 00:02:09]} {[%emt 00:03:11]} 32. Rxe4 {[%clk 00:02:09]} {[%emt
00:00:02]} Bxe4 {[%clk 00:02:18]} {[%emt 00:00:01]} 33. Qg6 {[%clk 00:01:58]}
{[%emt 00:00:20]} Bxg6 {[%clk 00:02:25]} {[%emt 00:00:04]} 0-1